000 00291nam a22001337a 4500
008 181018b xxu||||| |||| 00| 0 eng d
020 _a9780521542043
041 _aeng
080 _a004
100 _a37
101 _aSHK
245 _aTalking With Computers
_cDean.th
942 _2udc
_cBK
999 _c50099
_d50099